| 000 | 00830nam a2200301 i 4500 | ||
|---|---|---|---|
| 001 | 12636 | ||
| 003 | ES-MaACL | ||
| 005 | 20240528062715.0 | ||
| 007 | t| | ||
| 008 | 881123s1988 sp ||||0| spa j ..| | ||
| 015 | _a1988-DIC-24827 | ||
| 016 | 7 | _zSAB9000034301 | |
| 020 | _a84-86662-06-0 | ||
| 040 |
_aM-BN-DP _bspa _cM-BN-DP |
||
| 080 | _a860(729.1)-14"19"(082.2) | ||
| 245 | 0 | 0 |
_aPoetas cubanos en España _b: [antología] / _cFelipe Lázaro. |
| 260 |
_aMadrid : _bBetania, _c1988. |
||
| 300 |
_a170 p ; _c21 cm. |
||
| 490 | 1 | _aAntologías | |
| 504 | _aBibliografía. | ||
| 650 | 4 |
_aPoesía cubana _916151 |
|
| 655 | 7 |
_2tgfbne _aPoesías _9176539 |
|
| 700 | 1 |
_aLázaro, Felipe. _970785 |
|
| 830 | 0 |
_aAntologías _9186401 |
|
| 852 |
_aES-MaACL _jL-20087 _bR.115822 |
||
| 942 | _2udc | ||
| 999 |
_c12636 _d12636 |
||